| 000 | 01278cam a2200361 i 4500 | ||
|---|---|---|---|
| 999 |
_c200448886 _d67098 |
||
| 001 | 200448886 | ||
| 003 | TR-AnTOB | ||
| 005 | 20241016164946.0 | ||
| 007 | ta | ||
| 008 | 011205s2001 tu a b 000 0 tur d | ||
| 020 | _a9754070849 | ||
| 035 | _a(TR-AnTOB)200448886 | ||
| 040 |
_aBGZ _beng _erda _cBGZ _dTR-AnTOB |
||
| 041 | 0 | _atur | |
| 050 | 4 |
_aHD9116.T92 _bD46 2001 |
|
| 090 |
_aHD9116.T92 _bD46 2001 |
||
| 100 | 1 |
_aDemirci, Sevinç _eauthor _9133398 |
|
| 245 | 1 | 0 |
_aŞeker fabrikalarının performans analizi ve toplam faktör verimliliklerinin ölçümü : _bmalmquist indeks yaklaşımı / _cSevinç Demirci. |
| 264 | 1 |
_aAnkara : _bT.C. Tarım ve Köyişleri Bakanlığı, _c2001. |
|
| 300 |
_av, 54, 5 pages : _billustrations, tables ; _c30 cm. |
||
| 336 |
_atext _btxt _2rdacontent |
||
| 337 |
_aunmediated _bn _2rdamedia |
||
| 338 |
_avolume _bnc _2rdacarrier |
||
| 490 | 0 |
_aTarımsal Ekonomi Araştırma Enstitüsü ; _vyayın no: 66 |
|
| 500 | _aProje raporu 2001-17. | ||
| 504 | _aBIB | ||
| 650 | 7 |
_aŞeker ticareti _zTürkiye _2 _9110341 |
|
| 650 | 7 |
_aŞeker pancarı endüstrisi _zTürkiye _2etuturkob _966588 |
|
| 710 | 1 |
_aTurkey. _bTarım ve Köyişleri Bakanlığı _9134628 |
|
| 942 |
_2lcc _cBK |
||